| 000 | 00371nam a2200133Ia 4500 | ||
|---|---|---|---|
| 008 | 230917s9999||||xx |||||||||||||| ||und|| | ||
| 040 |
_e90535 _aMAIN |
||
| 041 | _aEnglish | ||
| 082 | _a615.842 R137T | ||
| 100 | _aRakshak, Manav | ||
| 245 | 0 | _aThree dimensional versus traditional radiotherapy treatment planning in head and neck cancer | |
| 300 | _a84 p. | ||
| 942 | _cTH | ||
| 999 |
_c86726 _d86726 |
||